000
00298nam a22001457a 4500
008
210528b ||||| |||| 00| 0 eng d
020
_a
9781555704087
041
_a
eng
080
_a
7
082
_a
7
100
_a
44
101
_a
ART
245
_a
Book Repair
_c
Lavender,K
942
_2
udc
_c
BK
999
_c
57798
_d
57798